| LEADER | 00360nam a2200133Ia 4500 | ||
|---|---|---|---|
| 001 | 6835 | ||
| 008 | 170722s9999 xx 000 0 und d | ||
| 245 | |a Gambia / | ||
| 260 | |c 1961 | ||
| 653 | |a Gambia | ||
| 653 | |a Generalia | ||
| 942 | |c GEN | ||
| 999 | |c 24167 |d 24167 | ||
| 952 | |0 0 |1 0 |4 0 |6 Z_658N_K1_CR |7 0 |9 28300 |a LIB |b LIB |d 2013-03-25 |o z658n K1, CR |p 86936 |r 2017-08-12 |w 2017-08-12 |y GEN | ||